| 000 | 01406nam a2200325 a 4500 | ||
|---|---|---|---|
| 001 | ebr10233647 | ||
| 003 | CaPaEBR | ||
| 006 | m u | ||
| 007 | cr cn||||||||| | ||
| 008 | 050719s2005 enk s 000 0 eng | ||
| 010 | _z 2005020565 | ||
| 020 | _z019280443X (alk. paper) | ||
| 040 |
_aCaPaEBR _cCaPaEBR |
||
| 035 | _a(OCoLC)560571602 | ||
| 050 | 1 | 4 |
_aPR4757.F5 _bS88 2005eb |
| 082 | 0 | 4 |
_a823/.8 _222 |
| 100 | 1 |
_aSutherland, John, _d1938- |
|
| 245 | 1 | 0 |
_aSo you think you know Thomas Hardy? _h[electronic resource] : _ba literary quizbook / _cJohn Sutherland. |
| 260 |
_aOxford ; _aNew York : _bOxford University Press, _c2005. |
||
| 300 | _aviii, 214 p. | ||
| 490 | 1 | _aOxford world's classics | |
| 533 |
_aElectronic reproduction. _bPalo Alto, Calif. : _cebrary, _d2013. _nAvailable via World Wide Web. _nAccess may be limited to ebrary affiliated libraries. |
||
| 600 | 1 | 0 |
_aHardy, Thomas, _d1840-1928 _xFictional works _vExaminations, questions, etc. |
| 600 | 1 | 0 |
_aHardy, Thomas, _d1840-1928. _tWessex novels _vExaminations, questions, etc. |
| 651 | 0 |
_aWessex (England) _xIn literature _vExaminations, questions, etc. |
|
| 655 | 7 |
_aElectronic books. _2local |
|
| 710 | 2 | _aebrary, Inc. | |
| 830 | 0 | _aOxford world's classics (Oxford University Press) | |
| 856 | 4 | 0 |
_uhttp://site.ebrary.com/lib/rucke/Doc?id=10233647 _zAn electronic book accessible through the World Wide Web; click to view |
| 999 |
_c151807 _d151807 |
||